Most Spoken Languages - Whammies - Statistics

General Stats
  • This quiz has been taken 45 times
  • The average score is 5 of 10
Answer Stats
Hint Answer % Correct
3 English
97%
2 Spanish
91%
1 Mandarin Chinese
85%
4 Hindi
67%
7 Russian
55%
5 Portuguese
48%
6 Bengali
30%
8 Japanese
24%
9 Western Punjabi
9%
10 Vietnamese
0%
No matching quizzes found
Score Distribution
Percent of People with Each Score
Percentile by Number Answered
Your Score History
You have not taken this quiz